| 000 | 00600nam a22002051c 4500 | ||
|---|---|---|---|
| 001 | a987663259 | ||
| 008 | 090310s2007 gw |||| 000u rus d | ||
| 041 | _arus | ||
| 245 | 0 | 0 |
_aIntelligencija Sibiri v pervoj treti XX veka : _bstatus i korporativnye cennosti |
| 264 |
_aNovosibirsk : _bSova, _c2007 |
||
| 300 | _a309 S. | ||
| 650 | 0 | _aGesellschaft | |
| 651 | 0 | _aSibirien | |
| 700 | 1 |
_aKrasil'nikov, Sergej A. _eHerausgeberIn |
|
| 700 | 1 |
_aPystina, L. I. _eHerausgeberIn |
|
| 710 | 2 | _aRAN / Sibirskoe otdelenie / Institut istorii | |
| 942 | _cMG | ||
| 040 | _cRU-10907106 | ||
| 003 | RU-10907106 | ||
| 999 |
_c19296 _d19296 |
||